Movies Quiz

Random Movies Quiz

Lady Driver Quiz Stats

 Plays Quiz not verified by Sporcle

Score 0/20 Timer 08:00
0 Plays Today
% Correct
Psycho
91.2%
Speed
87.9%
Matrix Reloaded
84.6%
The Naked Gun: From the Files of Police Squad!
81.3%
When Harry Met Sally
81.3%
Thelma and Louise
80.2%
Clueless
74.7%
The Sixth Sense
60.4%
The 101 Dalmatians
60.4%
La La Land
51.6%
% Correct
Wanted
51.6%
Gone Girl
50.5%
Pulp Fiction
44%
Vanilla Sky
39.6%
Blues Brothers
36.3%
A Place in the Sun
25.3%
Adam's Rib
24.2%
Patriot Games
19.8%
Alice Doesn't Live Here Anymore
13.2%
Carnival of Souls
7.7%

You're not logged in!

Compare scores with friends on all Sporcle quizzes.
OR
Log In

Sporcle TV

Today on Sporcle TV


Watch our educational content, quiz creation guides, and fun videos on Sporcle TV.

Show Comments

Extras

Top Quizzes Today


Score Distribution

Your Account Isn't Verified!

In order to create a playlist on Sporcle, you need to verify the email address you used during registration. Go to your Sporcle Settings to finish the process.

Report this User

Report this user for behavior that violates our Community Guidelines.

Details: